000 00840nam a2200229 i 4500
001 94362
003 ES-MaACL
005 20250907063057.0
007 t|
008 050428s1929 sp ||||1| spa d
100 1 _aNavas, Juan Gualberto López Valdemoro de Quesada,
_cConde de las,
_d1855-1935
_985203
245 1 0 _aObras incompletas del Conde de las Navas /
_cJuan Gualberto López Valdemoro de Quesada, Conde de las Navas.
250 _a1ª ed.
260 _aMadrid :
_b[s.n.],
_c1929 (
_fTip. Católica)
300 _aXIII, 323 p. ;
_c22 cm.
500 _aCon un retrato del autor en la port.
500 _aTirada de 2.000 ejemplares.
505 8 _aContiene: I. Cuentos y chascarrillos propios y ajenos
740 0 _aCuentos y chascarrillos propios y ajenos.
852 _aES-MaACL
_jC-8170
999 _c94362
_d94362